000 01386nam a2200277 i 4500
001 35383
003 ES-MaACL
005 20250416222531.0
007 t|
008 030212s1987 sp ac d |||| |dspa d
020 _a84-85950-35-6
080 _a82.09(038)
245 0 0 _aDiccionario literario de obras y personajes de todos los tiempos y todos los países /
_c[dirección de la edición española, Martín de Riquer ; asesor técnico y revisor general, José Mª Valverde].
246 3 _aBompiani
260 _aBarcelona :
_bHora,
_c[1987]
300 _a16 v. :
_b276 lám., il. ;
_c23 cm.
505 8 _aContiene: I. Movimientos espirituales - II. Obras: A-Cao - III. Obras: Cap-DH - IV. Obras: Dia-Ez - V. Obras: F-Hiz - VI. Obras: Ho-Mcy - VII. Obras: Me-Paz - VIII. Obras: Pe-Q - IX. Obras: R-S - X. Obras: T-Z - XI. Personajes - XII. Índices - XIII. Apéndice de obras: A-LL - XIV. Apéndice de obras: M-Z - XV. Apéndice de obras 1977-1987 - XVI. Apéndice de obras 1987-1997
594 _aPrecede al tít.: Bompiani.
650 4 _aPersonajes literarios-
_vDiccionarios.
_9173794
650 4 _aLiteratura-
_vDiccionarios.
_914484
700 1 _aRiquer, Martín de,
_d1914-2013
_9240061
700 1 _aValverde, José María,
_d1926-1996
_9113013
710 2 _aCasa editrice Valentino Bompiani.
_92481
852 4 _aES-MaACL
_jG-1720-35
999 _c35383
_d35383